| 000 | 00535nam a2200217 454500 | ||
|---|---|---|---|
| 001 | 059334 | ||
| 003 | BD-ChCU | ||
| 008 | Eng | ||
| 020 | _ax | ||
| 040 |
_aDLC _cDLC _dBD-ChCU |
||
| 082 | 0 | 0 | _a327.1/D619m |
| 100 | 1 |
_aDixit, J.N. _bx |
|
| 245 | 1 | 0 |
_aMakers of India's foreign policy : _bRaja Ram Mohan Roy to yaswant sinha. |
| 250 | _ax | ||
| 260 |
_aNew Delhi _bHarper collins _c2004 |
||
| 300 | _a328 | ||
| 504 | _aIncludes | ||
| 650 | 0 |
_aIndia-Foreign relations _bPolitical science |
|
| 700 | 1 | _ax | |
| 942 |
_2ddc _cBK |
||
| 999 |
_c59334 _d59334 |
||